How to win friends and influence people

Bibliographic Details
Main Author: Carnegie, Dale
Corporate Author: Title
Format: Book
Published: London : Vermilion , 1998
Subjects:

MARC

LEADER 00000cam a2200000 7i4500
001 0000012410
005 20071214.0
008 071214
020 |a 0091906350 
090 0 0 |a 158.25   |b CAR 
100 1 |a Carnegie, Dale 
245 1 0 |a How to win friends and influence people   |c Dale Carnegie 
260 |a London :   |b Vermilion ,   |c 1998 
650 0 |a English fiction 
650 0 |a Friends 
650 0 |a Influence (Psychology) 
710 0 |a Title 
999 |a 0001003720   |b Book   |c Adult Collection   |e Perbadanan Perpustakaan Awam Johor